| 000 | 00360 a2200145 4500 | ||
|---|---|---|---|
| 001 | 165613 | ||
| 020 | _a | ||
| 040 | _cMagnum | ||
| 100 | _aCappelletti, Isabel Franchi Et Al. | ||
| 240 | 1 | 0 |
_aAvaliacao educacional: fundamentos e praticas _lpor |
| 245 | 1 | 0 | _aAvaliacao educacional: fundamentos e praticas |
| 362 | 0 | _a1899 | |
| 697 | _aENSINO | ||
| 942 | _cBK | ||
| 999 |
_c165613 _d165613 |
||